=LDR 00000nam 2200000 4500 =001 INLIS000000000047450 =005 20151124105141.0 =006 =007 =008 =035 ##$$0010-111500000000054 =082 ##$$a 372.72 =090 ##$$a 372.72 bes s. =100 ##$$a chabib basirun =245 ##$$a sempoa junior 2 =260 ##$$a grasindo =300 ##$$a hln.26 =850 ##$$a NPBMAT =990 ##$$a 0001/BPAP-NTB/2015